000 00594nmm a2200217 a 4500
003 AR-BaBNM
005 20251128203822.0
008 297019s1986 ||||||||||||||000 | spa||
040 _cAR-BaBNM
100 1 _aBenavides Ilizaliturri, Luis G.
245 1 0 _aUna buena idea
_bel ábaco. 1
260 _aMéxico, D.F.
_bEl autor
_c1986
300 0 _a129 p.
_bil.
650 4 _aENSENANZA DE LAS MATEMATICAS
650 4 _aMETODOS DE ENSENANZA
650 4 _aTECNICAS DE ENSENANZA
650 4 _aMATERIAL DIDACTICO
653 0 _aPROCESO DE ENSENANZA-APRENDIZAJE
942 _cBK
998 _cCarmen
999 _c5031
_d5031